| 000 | 02073nam a22002657a 4500 | ||
|---|---|---|---|
| 003 | Uzh_bibl | ||
| 008 | 260428b |||||||| |||| 00| 0 ukr d | ||
| 020 |
_a5-308-01120-6 _c1.00 |
||
| 040 | _aукр. | ||
| 041 |
_2ukr _aukr |
||
| 080 | _a821(477) | ||
| 090 |
_a821(477) _bО-51 |
||
| 100 | _aОколітенко, Наталя | ||
| 245 |
_aЗапах острова _hТекст |
||
| 260 |
_aКиїв _bДніпро _c1990 |
||
| 300 | _a255 с. | ||
| 490 | _aСерія "Романи й повісті" № 10 | ||
| 520 | _aЗбірка повістей розкриває внутрішній світ людини, її переживання, прагнення до гармонії та розуміння себе. Через образ “острова” авторка символічно показує відчуження, самотність і водночас можливість духовного оновлення. Герої опиняються перед моральним вибором, переосмислюють своє життя, стосунки з іншими людьми та навколишнім світом. Твір поєднує реалістичні події з глибокими психологічними й філософськими роздумами. | ||
| 521 | _aДля широкого кола читачів | ||
| 546 | _aукр. | ||
| 650 |
_aЛітературно-художнє видання _yКінець ХХ століття (радянський і перехідний період) _zУкраїна та умовний/узагальнений “острів” (як символ відокремленого світу, інколи — природа, віддалені місця) |
||
| 653 |
_aСамотність _aПрирода _aПам’ять _aПочуття _aПошук |
||
| 655 |
_aПовісті (соціально-психологічна проза з елементами філософського осмислення) _vПовісті |
||
| 942 |
_2udc _cBK |
||
| 999 |
_c17544 _d17544 |
||